Linee in ascolto

Guardat en:
Dades bibliogràfiques
Format: Llibre
Idioma:anglès
Etiquetes: Afegir etiqueta
Sense etiquetes, Sigues el primer a etiquetar aquest registre!

MARC

LEADER 00000nam a2200000 4500
001 CDOM0000002787
003 mi
005 20250915123121.0
008 250915b |||||||| |||| 00| 0 eng d
040 |c mi 
245 1 |a Linee in ascolto  
942 |2 ddc  |c BK 
952 |0 0  |1 0  |2 ddc  |4 0  |7 0  |9 6224  |a MI  |b MI  |d 2006-10-16  |i 5253  |l 0  |p CDOM5253  |r 2025-07-13 16:28:00  |w 2025-07-13  |x ACQUISTO  |y BK 
999 |c 4987  |d 4987